000 01007 a2200169 4500
003 Nust
005 20221124133825.0
040 _cNust
082 _a621.38132,ARU
100 _aDr. M. Armugam , N . Premakumaran
_9103503
245 _aElectric circuit theory /
_cDr. M. Armugam , N . Premakumaran
260 _aDehli
_bKhanna Publishers
_c1997
300 _a 462p
505 _aIntroduction (Page-1), Direct Current Circuits –I (Page-11), Direct Current Circuits –II (Page-35), Network Theory (Page-68), Alternating Current Fundamentals (Page-108), A.C. Circuits (Page-141), Resonance in A.C. Circuits (Page-182), A.C. Network Analysis (Page-204), A.C. Network Theorems (Page-226), Coupled Circuits (Page-249), Poly Phase Circuits (Page-261), Symmetrical Components (Page-284), Circuits Transient (Page-292), Two Port Networks (Page-361), Electric Wave Filters (Page-391), Fourier Series (Page-426), State Variables Analysis (Page-451),
650 _aTelecommunication Engineering
942 _2ddc
_cBK
999 _c190583
_d190583